000 00576nam a2200193Ia 4500
001 2921
003 GE_BSU
008 181216s||||||||xx |||||||||||||| ||und||
040 _cGE_BSU
080 _a621.643
100 _aЕгерман,Г.Ф. Джафаров,М.Д. Никитенко,Е.А.
245 _aРемонт магистральных газопроводов.
260 _aМ.
260 _bНедра.
260 _c1973.
300 _a288стр.с илл.21см.
653 _aРемонт магистральных газопроводов.
942 _cBK
999 _c36969
_d36969